<?xml version="1.0" encoding="UTF-8"?>
<collection xmlns:xsi="http://www.w3.org/2001/XMLSchema-instance" xsi:schemaLocation="http://www.loc.gov/MARC21/slim http://www.loc.gov/standards/marcxml/schema/MARC21slim.xsd" xmlns="http://www.loc.gov/MARC21/slim">
 <record>
  <leader>00000nam a2200000 i 4500</leader>
  <controlfield tag="001">UP-1685523046126108597</controlfield>
  <controlfield tag="003">Buklod</controlfield>
  <controlfield tag="005">20230515142005.0</controlfield>
  <controlfield tag="006">t     rm   |||| ud</controlfield>
  <controlfield tag="007">ta</controlfield>
  <controlfield tag="008">230515s2019    xxkd  a r     001 0 eng  </controlfield>
  <datafield tag="020" ind1=" " ind2=" ">
   <subfield code="a">9780081026861</subfield>
  </datafield>
  <datafield tag="035" ind1=" " ind2=" ">
   <subfield code="a">22286440</subfield>
  </datafield>
  <datafield tag="040" ind1=" " ind2=" ">
   <subfield code="a">DLC</subfield>
   <subfield code="e">rda</subfield>
   <subfield code="d">DCFA</subfield>
  </datafield>
  <datafield tag="041" ind1=" " ind2=" ">
   <subfield code="a">eng</subfield>
  </datafield>
  <datafield tag="090" ind1=" " ind2=" ">
   <subfield code="a">TP 897</subfield>
   <subfield code="b">V36 2019</subfield>
  </datafield>
  <datafield tag="100" ind1="1" ind2=" ">
   <subfield code="a">Vankar, Padma Shree</subfield>
   <subfield code="e">author.</subfield>
  </datafield>
  <datafield tag="245" ind1="1" ind2="0">
   <subfield code="a">New trends in natural dyes for textiles</subfield>
   <subfield code="c">Padma Shree Vankar and Dhara Shukla.</subfield>
  </datafield>
  <datafield tag="264" ind1=" " ind2="1">
   <subfield code="a">Duxford [England]</subfield>
   <subfield code="b">Woodhead Publishing</subfield>
   <subfield code="c">[2019]</subfield>
  </datafield>
  <datafield tag="300" ind1=" " ind2=" ">
   <subfield code="a">xi, 357 pages</subfield>
   <subfield code="b">illustrations</subfield>
   <subfield code="c">23 cm.</subfield>
  </datafield>
  <datafield tag="336" ind1=" " ind2=" ">
   <subfield code="a">text</subfield>
   <subfield code="2">rdacontent</subfield>
  </datafield>
  <datafield tag="337" ind1=" " ind2=" ">
   <subfield code="a">unmediated</subfield>
   <subfield code="2">rdamedia</subfield>
  </datafield>
  <datafield tag="338" ind1=" " ind2=" ">
   <subfield code="a">volume</subfield>
   <subfield code="2">rdacarrier</subfield>
  </datafield>
  <datafield tag="490" ind1="0" ind2=" ">
   <subfield code="a">The Textile Institute book series</subfield>
  </datafield>
  <datafield tag="504" ind1=" " ind2=" ">
   <subfield code="a">Includes bibliographical references and index.</subfield>
  </datafield>
  <datafield tag="505" ind1="0" ind2=" ">
   <subfield code="a">Chapter 1: Newer Natural Dyes for Various Textiles--&#13;
Chapter 1.1 Newer Natural Dyes for Cotton--&#13;
Chapter 1.2 Newer Natural Dyes for Silk--&#13;
Chapter 1.3 Newer Natural Dyes for Wool--&#13;
Chapter 2: Isolation and Characterization of the Colorant Molecules From Each Dye Plant--&#13;
Chapter 3: Structure-Mordant Interaction and the Use of Biomordants and Enzymes--&#13;
Chapter 4: Dyeing Application of Newer Natural Dyes on Cotton Silk and Wool With Fastness Properties, CIE Lab Values, and Shade Card--&#13;
Chapter 4.1 Dyeing of Cotton by Different New Natural Dye Sources--&#13;
Chapter 4.2 Dyeing Application of Newer Natural Dyes on Silk With Fastness Properties, CIE Lab Values, and Shade Card--&#13;
Chapter 4.3 Dyeing Application of Newer Natural Dyes on Wool With Fastness Properties, CIELAB Values, and Shade Card--&#13;
Chapter 5: Medicinal Properties of Natural Dye Plants--</subfield>
  </datafield>
  <datafield tag="520" ind1=" " ind2=" ">
   <subfield code="a">New Trends in Natural Dyes for Textiles covers everything you need to know to extract, characterize, and apply 20 natural dyes to a range of textiles. The book addresses 20 natural dyes that are finding innovative uses in industry and academia. It comprehensively addresses issues relating to natural dyes and dyeing problems, including efficient extraction and standardization of dyes, dyes structure, dyes characterization and identification. Readers working in the dyeing of textiles will learn how to improve practices to minimize environmental pollution, avoid bad dyeing, and select the best mordants to fix colorant compounds. Key benefits of natural dyes over synthetic are examined in detail, providing readers with an understanding of the importance of natural dyes and the proper methods for applying them:&#13;
-Provides detailed extraction process for each of the 20 dyes described&#13;
-Offers complete and practical coverage of the whole dying process from source selection to post-treatments&#13;
-Covers practical advice on the application of these dyes to cotton, silk, and wool&#13;
This book provides an ideal resource for both professional and academics working with natural dyes, as well as cultural heritage researchers, artisans, and hobbyists involved in the cultivation to the production of natural dyes.&quot;--&quot;</subfield>
  </datafield>
  <datafield tag="650" ind1=" " ind2="0">
   <subfield code="a">Dyes and dyeing</subfield>
   <subfield code="x">Textile fibers.</subfield>
  </datafield>
  <datafield tag="700" ind1="1" ind2=" ">
   <subfield code="a">Shukla, Dhara</subfield>
   <subfield code="e">author.</subfield>
  </datafield>
  <datafield tag="842" ind1=" " ind2=" ">
   <subfield code="a">Book</subfield>
  </datafield>
  <datafield tag="905" ind1=" " ind2=" ">
   <subfield code="a">FO</subfield>
  </datafield>
  <datafield tag="852" ind1="0" ind2=" ">
   <subfield code="a">UPD</subfield>
   <subfield code="b">DCFA</subfield>
   <subfield code="h">TP 897</subfield>
   <subfield code="i">V36 2019</subfield>
  </datafield>
  <datafield tag="942" ind1=" " ind2=" ">
   <subfield code="a">Book</subfield>
  </datafield>
 </record>
</collection>
